[Event "1st 3-0 Thu 1st Jan 2026"]
[Site "chess.com INT"]
[Date "2026.01.01"]
[Round "9"]
[White "Nakamura,Hi"]
[Black "Hansen,Eric"]
[Result "0-1"]
[WhiteElo "2810"]
[BlackElo "2609"]

1.d4 Nf6 2.Nf3 g6 3.e3 Bg7 4.b3 O-O 5.Bb2 d5 6.c4 c6 7.Bd3 Bg4 8.Nbd2 e6
9.h3 Bxf3 10.Nxf3 a5 11.a3 Nbd7 12.O-O Qe7 13.Rc1 Rfd8 14.Qc2 Ne8 15.Rfe1 Nd6
16.Qb1 f5 17.Rc2 Ne4 18.Bf1 Bf6 19.Rec1 Qf8 20.Nd2 Be7 21.Qa1 Ndf6 22.Nf3 Nd7
23.g3 Bd6 24.Bg2 Qh6 25.Re1 Rf8 26.Qd1 Qg7 27.c5 Bc7 28.b4 axb4 29.axb4 g5
30.b5 g4 31.Nh2 Nxf2 32.Rxf2 Bxg3 33.Nf1 Bxf2+ 34.Kxf2 gxh3 35.Bxh3 Nxc5
36.Ng3 Ra2 37.dxc5 f4 38.Ne2 Qxb2 39.Bg4 fxe3+ 40.Kg3 Qe5+ 41.Kh3 Rf2 42.Rh1 h5  0-1

[Event "2nd 3-0 Thu 1st Jan 2026"]
[Site "chess.com INT"]
[Date "2026.01.01"]
[Round "9"]
[White "Nakamura,Hi"]
[Black "Deac,Bogdan-Daniel"]
[Result "1-0"]
[WhiteElo "2810"]
[BlackElo "2652"]

1.Nf3 d5 2.g3 c5 3.Bg2 Nc6 4.c4 d4 5.e3 e5 6.exd4 exd4 7.O-O Be7 8.Re1 Nf6
9.Ne5 Nxe5 10.Rxe5 O-O 11.d3 Bd6 12.Re1 h6 13.Nd2 Re8 14.Rxe8+ Qxe8 15.Ne4 Nxe4
16.Bxe4 Qe7 17.Bd2 Be6 18.Qh5 Re8 19.Re1 Qd7 20.Bxh6 Bg4 21.Qg5 Bf8 22.a3 f5
23.Bd5+ Kh7 24.Rxe8 Qxe8 25.Kg2 gxh6 26.Qg8+  1-0

[Event "2nd 3-0 Thu 1st Jan 2026"]
[Site "chess.com INT"]
[Date "2026.01.01"]
[Round "10"]
[White "Nakamura,Hi"]
[Black "Hansen,Eric"]
[Result "1-0"]
[WhiteElo "2810"]
[BlackElo "2609"]

1.d4 Nf6 2.Bg5 d5 3.e3 e6 4.c4 h6 5.Bh4 Be7 6.Nc3 O-O 7.cxd5 exd5 8.Bd3 c6
9.h3 Re8 10.Nge2 Nh5 11.Bxe7 Qxe7 12.g4 Nf6 13.Qc2 Be6 14.O-O-O c5 15.dxc5 Nbd7
16.Bb5 Rec8 17.Bxd7 Bxd7 18.Rd4 Rxc5 19.Kb1 Rac8 20.Qd2 Be6 21.f3 Bd7 22.Nf4 Bc6
23.h4 Re8 24.g5 Nd7 25.Nfxd5 Bxd5 26.Nxd5 Qe5 27.gxh6 g6 28.h5 Nb6 29.Re4 Qf5
30.Nf6+ Qxf6 31.h7+ Kxh7 32.hxg6+ Kg7 33.Rxe8 Nc4 34.Qd4 Qxd4 35.exd4  1-0

[Event "1st 3-0 Thu 1st Jan 2026"]
[Site "chess.com INT"]
[Date "2026.01.01"]
[Round "10"]
[White "Bharath,Subramaniyam H"]
[Black "Nakamura,Hi"]
[Result "0-1"]
[WhiteElo "2595"]
[BlackElo "2810"]

1.e4 c5 2.Nf3 Nc6 3.d4 cxd4 4.Nxd4 e5 5.Nb5 d6 6.c4 g6 7.N1c3 a6 8.Na3 Be6
9.Be3 Bh6 10.Bxh6 Nxh6 11.Qd2 Ng4 12.Be2 Nf6 13.Rd1 Qb6 14.O-O Rd8 15.Nc2 O-O
16.b4 Kg7 17.a3 Ne7 18.Ne3 Nc6 19.Nc2 Qc7 20.Kh1 Qe7 21.Rb1 Rc8 22.Rfd1 Rfd8
23.f3 Nh5 24.g3 Nf6 25.Bf1 h5 26.Qf2 h4 27.g4 Nh7 28.Ne3 Qg5 29.Ng2 h3 30.Ne3 Nf6
31.Bxh3 Nd4 32.Bf1 Rh8 33.Ne2 Nxe2 34.Bxe2 Qf4 35.Kg1 b5 36.cxb5 axb5 37.Rxd6 Rc3
38.Rd3 Rxd3 39.Bxd3 Rxh2 40.Ng2 Qh6 41.Qe2 Qh3 42.Bxb5 Rh1+ 43.Kf2 Rxb1 44.Bd3 Ra1
45.Qb2 Ra2  0-1

[Event "1st 3-0 Thu 1st Jan 2026"]
[Site "chess.com INT"]
[Date "2026.01.01"]
[Round "11"]
[White "Galchenko,Matvey"]
[Black "Nakamura,Hi"]
[Result "0-1"]
[WhiteElo "2435"]
[BlackElo "2810"]

1.e4 c5 2.c3 d5 3.exd5 Qxd5 4.d4 g6 5.Nf3 Bg7 6.Nbd2 cxd4 7.Bc4 Qd8 8.Nxd4 Nf6
9.O-O O-O 10.Qe2 Bg4 11.N2f3 Qc7 12.h3 Bxf3 13.Nxf3 Nc6 14.Re1 e6 15.Bg5 h6
16.Be3 Na5 17.Bd3 Nd5 18.Bd4 Nf4 19.Qe3 Nxd3 20.Qxd3 Rad8 21.Qe2 Qc4 22.Qe3 Qb5
23.Bxg7 Kxg7 24.Qxa7 Nc6 25.Qa3 Rd3 26.Qb3 Qc5 27.Rad1 Rxf3 28.gxf3 Qg5+
29.Kf1 Qf5 30.Kg2 Qg5+ 31.Kf1 Qf5 32.Qxb7 Qxf3 33.Kg1 Rb8 34.Qc7 Rb5 35.h4 Ne5
36.Rd2 Qg4+ 37.Kf1 Nf3 38.Red1 Re5 39.Qxe5+ Nxe5 40.Rd4 Qf3 41.a4 Ng4 42.R1d2 e5
43.Rd7 e4 44.Ke1 Ne5 45.Re2 Nxd7 46.Re3 Qh1+ 47.Ke2 Qxh4 48.a5 Qg5 49.a6 Qb5+  0-1

[Event "2nd 3-0 Thu 1st Jan 2026"]
[Site "chess.com INT"]
[Date "2026.01.01"]
[Round "11"]
[White "Terry,R"]
[Black "Nakamura,Hi"]
[Result "0-1"]
[WhiteElo "2508"]
[BlackElo "2810"]

1.e4 e5 2.Nf3 Nc6 3.c3 Nf6 4.d4 d6 5.Bb5 Bd7 6.O-O Be7 7.Re1 O-O 8.Nbd2 Re8
9.Bd3 Bf8 10.d5 Ne7 11.c4 c5 12.Nf1 g6 13.Bg5 Bg7 14.Qd2 Kh8 15.h3 Neg8 16.Ng3 a6
17.a4 b6 18.b4 a5 19.bxc5 bxc5 20.Reb1 Qc7 21.Ne2 Reb8 22.Nc3 Rb4 23.Qc2 Nh5
24.Bd2 Nf4 25.Bf1 f5 26.Nb5 Qb6 27.Bxb4 cxb4 28.Re1 Qc5 29.Ng5 Bf8 30.g3 Nh5
31.Ne6 Bxe6 32.dxe6 Nxg3 33.Bg2 f4 34.Rad1 Nf6 35.Bf3 Re8 36.Rd2 Rxe6 37.Red1 Ngh5
38.Kh2 Ng7 39.Bg4 Nxg4+ 40.hxg4 g5 41.f3 Ne8 42.Rd5 Qc6 43.c5 dxc5 44.Qc4 Re7
45.Rd8 Qh6+ 46.Kg2 Qh4 47.R1d3 Qg3+ 48.Kf1 Qh3+ 49.Ke2 Qg2+ 50.Kd1 Kg7 51.Qd5 Nf6
52.Qc6 Qf1+ 53.Kc2 Qe2+ 54.Kb1 b3 55.Rd2 Qxf3 56.Nd6 Kg6 57.Rxf8 Re6 58.Qb7 Qh1+
59.Kb2 Rxd6 60.Qf7+ Kh6 61.Rxd6 Qg2+ 62.Kxb3 Qf3+ 63.Kb2 Qf2+ 64.Kc1 Qe1+
65.Kb2 Qb4+ 66.Kc1 Qc3+ 67.Kd1 Qf3+ 68.Kd2 Qe3+  0-1